• 首页
  • 本馆介绍
  • 公告通知
  • 最新文献
  • 馆藏检索
  • 电子资源
  • 读者导购
  • 参考咨询
  • 我的图书馆
  • 登录
  • 详细信息显示
  • 放入我的书架
  • 预约/预借图书
  • 作者相关作品
  • 分类相关作品
  • 丛书相关作品
  • 出版社相关作品

书目信息

  • 表格格式
  • 工作单格式
  • 卡片格式
题名:
黄河魂
    
 
作者: 白天 著
分册:  
出版信息: 北京   线装书局  2017
页数: 229页
开本: 21cm
丛书名:
单 册:
中图分类: I238.8 , I239
科图分类:
主题词: 戏剧小品--剧本--作品集--中国--当代 , 曲艺剧本--作品集--中国--当代
电子资源:
ISBN: 978-7-5120-2689-6
000 01121nam0 2200265 450
001 012001000796
005 20140920091302.0
010    @a978-7-5120-2689-6@dCNY48.00
100    @a20171018d2017 em y0chiy50 ea
101 0  @achi
102    @aCN@b110000
105    @ay z 000by
106    @ar
200 1  @a黄河魂@9Huang He Hun@e曲艺小品戏剧作品选@f白天著
210    @a北京@c线装书局@d2017
215    @a229页@d21cm
330    @a本书是一本曲艺作品集。作者书中创作的艺术,包括数来宝、鼓书、快板书、顺口溜等曲艺、有正剧小品、喜剧小品、有方言小演唱、地方小戏、还有历史戏曲剧本等多种形式。有的令人捧腹,有的给人启迪,有的回望历史,使人接受传统教育,有的展望未来,让人鼓舞信心。这些作品源于生活、高于生活,作品大都是从生动鲜活的百姓生活中挖掘提炼,塑造的人物形象也是生活中来,再回到生活中去。
517 1  @a曲艺小品戏剧作品选@9Qu Yi Xiao Pin Xi Ju Zuo Pin Xuan
606 0  @a戏剧小品@x剧本@x作品集@y中国@z当代
606 0  @a曲艺剧本@x作品集@y中国@z当代
690    @aI238.8@v5
690    @aI239@v5
701  0 @a白天@9Bai Tian@c(文化艺术)@4著
801  0 @aCN@b上海新华@c20180901
905    @b1151202-06@dI238.8@e53@f5
    
    黄河魂:曲艺小品戏剧作品选/白天著.-北京:线装书局,2017
    229页;21cm
    
    
    ISBN 978-7-5120-2689-6:CNY48.00
    本书是一本曲艺作品集。作者书中创作的艺术,包括数来宝、鼓书、快板书、顺口溜等曲艺、有正剧小品、喜剧小品、有方言小演唱、地方小戏、还有历史戏曲剧本等多种形式。有的令人捧腹,有的给人启迪,有的回望历史,使人接受传统教育,有的展望未来,让人鼓舞信心。这些作品源于生活、高于生活,作品大都是从生动鲜活的百姓生活中挖掘提炼,塑造的人物形象也是生活中来,再回到生活中去。
●
相关链接 在E读中查询图书 在五车中查询图书 在当当中查询图书 在豆瓣中查询图书


正题名:黄河魂     索取号:I238.8/53         预约/预借

序号 登录号 条形码 馆藏地/架位号 状态 备注
1 1151202   211512022   第一样本阅览室/ [索取号:I238.8/53] 在馆    
2 1151203   211512031   第二借阅区/ [索取号:I238.8/53] 在馆    
3 1151204   211512040   第二借阅区/ [索取号:I238.8/53] 在馆    
4 1151205   211512059   密集书库-文学院/ [索取号:I238.8/53] 在馆    
5 1151206   211512068   第二借阅区/ [索取号:I238.8/53] 在馆    
唐山师范学院图书馆 欢迎您!
大连网信软件有限公司© 版权所有